Transmisión de información, modulación y ruido : enfoque unificado de los sistemas de comunicación /
Guardado en:
| Autor Principal: | |
|---|---|
| Otros Autores: | , |
| Formato: | Libro |
| Idioma: | Spanish English |
| Publicado: |
México ; Buenos Aires, Argentina :
McGraw-Hill,
c1983.
|
| Materias: | |
| Etiquetas: |
Agregar Etiqueta
Sin Etiquetas, Sea el primero en etiquetar este registro!
|
| LEADER | 01087nam a22002535a 4500 | ||
|---|---|---|---|
| 001 | EIQ.libpla003815 | ||
| 008 | 080325s1983####ag#a##########001#0#spa#d | ||
| 005 | 20130306123534.0 | ||
| 245 | 1 | 0 | |a Transmisión de información, modulación y ruido : |b enfoque unificado de los sistemas de comunicación / |c Mischa Schwartz ; Traducción, Caupolicán Muñoz Gamboa. |
| 260 | |a México ; |a Buenos Aires, Argentina : |b McGraw-Hill, |c c1983. | ||
| 300 | |a xv, 685 p. : |b il. ; |c 24 cm. | ||
| 500 | |a Incluye índice. | ||
| 500 | |a Traducido de la tercera edición en inglés de: Information transmission modulation and noise. | ||
| 020 | |a 968451364X | ||
| 100 | 1 | |a Schwartz, Mischa. | |
| 700 | 1 | |a Muñoz Gamboa, Caupolicán, |e tr. |4 trl | |
| 700 | 1 | |a Landeros Ayala, Salvador, |e tr. |4 trl | |
| 650 | 4 | |a Electrónica |x Comunicaciones digitales. | |
| 650 | 4 | |a Electrónica |x Telecomunicaciones. | |
| 650 | 4 | |a Electronics |x Digital communications. | |
| 650 | 4 | |a Electronics |x Telecommunication. | |
| 040 | |a AR-BbSID |b spa |c AR-BbSID | ||
| 041 | 1 | |a spa |h eng | |
| 859 | |a AR-BbSID |b BIB. PLAPIQUI |h 621.384 157 |i Sch 91 |p 3124 | ||
